<?xml version="1.0" encoding="UTF-8"?>
<record
    xmlns:xsi="http://www.w3.org/2001/XMLSchema-instance"
    xsi:schemaLocation="http://www.loc.gov/MARC21/slim http://www.loc.gov/standards/marcxml/schema/MARC21slim.xsd"
    xmlns="http://www.loc.gov/MARC21/slim">

  <leader>01144nam a2200253 i 4500</leader>
  <controlfield tag="001">bg</controlfield>
  <datafield tag="100" ind1="1" ind2=" ">
    <subfield code="a">GRANECKI, Pawe&#x142;</subfield>
  </datafield>
  <datafield tag="245" ind1="1" ind2="0">
    <subfield code="a">Zam&#xF3;wienia publiczne :</subfield>
    <subfield code="b">poradnik dla praktyk&#xF3;w /</subfield>
    <subfield code="c">Pawe&#x142; Granecki, Marek Kole&#x15B;nikow.</subfield>
  </datafield>
  <datafield tag="250" ind1=" " ind2=" ">
    <subfield code="a">Wyd. 3, stan prawny na 1 czerwca 2002 r.</subfield>
  </datafield>
  <datafield tag="260" ind1=" " ind2=" ">
    <subfield code="a">Krak&#xF3;w :</subfield>
    <subfield code="b">"Zakamycze",</subfield>
    <subfield code="c">2002.</subfield>
  </datafield>
  <datafield tag="300" ind1=" " ind2=" ">
    <subfield code="a">438 s. ;</subfield>
    <subfield code="c">24 cm.</subfield>
  </datafield>
  <datafield tag="500" ind1=" " ind2=" ">
    <subfield code="a">Na ok&#x142;. podtyt.: om&#xF3;wienie procedur o warto&#x15B;ci do 30000 euro i powy&#x17C;ej 30000 euro, wzory pism do 30000 euro i powy&#x17C;ej 30000 euro, wzory um&#xF3;w w sprawie zam&#xF3;wie&#x144; publicznych, ujednolicony tekst ustawy ze stanem prawnym na 1 czerwca 2002 r., om&#xF3;wienie ustawy i akt&#xF3;w wykonawczych, pe&#x142;ny zbi&#xF3;r tekst&#xF3;w akt&#xF3;w wykonawczych, w tym druki ZP.</subfield>
  </datafield>
  <datafield tag="650" ind1=" " ind2="9">
    <subfield code="a">Zam&#xF3;wienia publiczne</subfield>
    <subfield code="x">prawo</subfield>
    <subfield code="z">Polska</subfield>
    <subfield code="y">stan na 2002 r.</subfield>
  </datafield>
  <datafield tag="655" ind1=" " ind2=" ">
    <subfield code="a">Poradniki</subfield>
  </datafield>
  <datafield tag="700" ind1="1" ind2=" ">
    <subfield code="a">KOLE&#x15A;NIKOW, Marek</subfield>
  </datafield>
  <datafield tag="020" ind1=" " ind2=" ">
    <subfield code="a">8373331107</subfield>
  </datafield>
  <datafield tag="040" ind1=" " ind2=" ">
    <subfield code="c">BPK</subfield>
  </datafield>
  <datafield tag="041" ind1="0" ind2=" ">
    <subfield code="a">pl</subfield>
  </datafield>
  <datafield tag="080" ind1=" " ind2=" ">
    <subfield code="a">351.712(438)</subfield>
  </datafield>
  <datafield tag="920" ind1=" " ind2=" ">
    <subfield code="a">83-7333-110-7</subfield>
  </datafield>
  <datafield tag="942" ind1=" " ind2=" ">
    <subfield code="c">KS</subfield>
  </datafield>
  <controlfield tag="008">      s        pl     f     |000 0 pol  </controlfield>
  <datafield tag="999" ind1=" " ind2=" ">
    <subfield code="c">41592</subfield>
    <subfield code="d">41592</subfield>
  </datafield>
  <datafield tag="856" ind1=" " ind2=" ">
    <subfield code="u">http://koha.tu.koszalin.pl/cgi-bin/koha/opac-detail.pl?biblionumber=41592</subfield>
    <subfield code="y">Katalog online BPK</subfield>
  </datafield>
  <datafield tag="952" ind1=" " ind2=" ">
    <subfield code="0">0</subfield>
    <subfield code="1">0</subfield>
    <subfield code="4">0</subfield>
    <subfield code="7">1</subfield>
    <subfield code="a">BPK</subfield>
    <subfield code="b">BPK</subfield>
    <subfield code="c">eh</subfield>
    <subfield code="o">63843</subfield>
    <subfield code="p">01766912</subfield>
    <subfield code="t">35 A.W</subfield>
    <subfield code="y">KS</subfield>
  </datafield>
</record>
